000 00353nam a2200133Ia 4500
008 231129s1976||||xx |||||||||||||| ||spa||
020 _a84-02-04703-3
082 _aHAJ- 0144
100 _aWendt Herbert
245 0 _aDel mono al hombre
260 _c1976
264 _aBarcelona: Bruguera 1976
942 _2ddc
_cBKS
999 _c8899
_d8899